Statistics for Oscar Best Actors Quiz

Click here to take the quiz!

General Stats

  • This quiz has been taken 85,564 times
    (5,186 since last reset)
  • The average score is 32 of 83

Answer Stats

Years Movies Actor % Correct
2020JokerJoaquin Phoenix
93%
1994, 1995Philadelphia, Forrest GumpTom Hanks
92%
2016The RevenantLeonardo DiCaprio
92%
1990, 2008, 2013My Left Foot, There Will Be Blood, LincolnDaniel Day-Lewis
80%
2001GladiatorRussell Crowe
79%
1976, 1998As Good as It Gets, One Flew Over the Cuckoo's NestJack Nicholson
78%
1981Raging BullRobert De Niro
76%
1992The Silence of the LambsAnthony Hopkins
76%
1993Scent of a WomanAl Pacino
76%
2004, 2009Mystic River, MilkSean Penn
75%
1955, 1973On the Waterfront, The GodfatherMarlon Brando
75%
1980, 1989Kramer vs. Kramer, Rain ManDustin Hoffman
74%
2006CapotePhilip Seymour Hoffman
72%
2019Bohemian RhapsodyRami Malek
70%
2014Dallas Buyers ClubMatthew McConaughey
69%
2011The King's SpeechColin Firth
69%
2000American BeautyKevin Spacey
68%
1988Wall StreetMichael Douglas
66%
2002Training DayDenzel Washington
65%
2005RayJamie Foxx
64%
1983GandhiBen Kingsley
61%
2017Manchester by the SeaCasey Affleck
60%
1996Leaving Las VegasNicolas Cage
56%
2015The Theory of EverythingEddie Redmayne
55%
2003The PianistAdrien Brody
54%
1970True GritJohn Wayne
54%
2018Darkest HourGary Oldman
52%
2007The Last King of ScotlandForest Whitaker
52%
1952The African QueenHumphrey Bogart
49%
1960Ben-HurCharlton Heston
48%
1963To Kill a MockingbirdGregory Peck
47%
1987The Color of MoneyPaul Newman
45%
1982On Golden PondHenry Fonda
44%
2010Crazy HeartJeff Bridges
41%
1972The French ConnectionGene Hackman
41%
1964Lilies of the FieldSidney Poitier
37%
1957The King and IYul Brynner
36%
1941The Philadelphia StoryJames Stewart
36%
1949HamletLaurence Olivier
35%
1935It Happened One NightClark Gable
35%
1999Life Is BeautifulRoberto Benigni
34%
1958The Bridge on the River KwaiAlec Guinness
33%
1971PattonGeorge C. Scott
33%
1997ShineGeoffrey Rush
31%
1941, 1953Sergeant York, High NoonGary Cooper
30%
1965My Fair LadyRex Harrison
28%
1938, 1939Captains Courageous, Boys TownSpencer Tracy
26%
2012The ArtistJean Dujardin
25%
1985AmadeusF. Murray Abraham
24%
1943Yankee Doodle DandyJames Cagney
23%
1986Kiss of the Spider WomanWilliam Hurt
22%
1991Reversal of FortuneJeremy Irons
22%
1974Save the TigerJack Lemmon
22%
1979Coming HomeJon Voight
21%
1984Tender MerciesRobert Duvall
21%
1978The Goodbye GirlRichard Dreyfuss
20%
1961Elmer GantryBurt Lancaster
19%
1956MartyErnest Borgnine
18%
1977NetworkPeter Finch
18%
1945Going My WayBing Crosby
17%
1968In the Heat of the NightRod Steiger
17%
1966Cat BallouLee Marvin
17%
1954Stalag 17William Holden
15%
1975Harry and TontoArt Carney
13%
1959Separate TablesDavid Niven
13%
1932A Free SoulLionel Barrymore
12%
1967A Man for All SeasonsPaul Scofield
11%
1946The Lost WeekendRay Milland
11%
1933, 1947Dr. Jekyll and Mr. Hyde, The Best Years of Our LivesFredric March
11%
1934The Private Life of Henry VIIICharles Laughton
11%
1969CharlyCliff Robertson
11%
1962Judgment at NurembergMaximilian Schell
11%
1940Goodbye, Mr. ChipsRobert Donat
10%
1951Cyrano de BergeracJosé Ferrer
10%
1950All the King's MenBroderick Crawford
8%
1929The Last Command / The Way of All FleshEmil Jannings
8%
1937The Story of Louis PasteurPaul Muni
8%
1933The ChampWallace Beery
7%
1948A Double LifeRonald Colman
7%
1936The InformerVictor McLaglen
6%
1930In Old ArizonaWarner Baxter
6%
1931DisraeliGeorge Arliss
6%
1944Watch on the RhinePaul Lukas
6%

Score Distribution

Percentile by Number Answered

Percent of People with Each Score

Your Score History

You have not taken this quiz since the last reset